000 00412nam a2200157Ia 4500
008 230711s9999||||xx |||||||||||||| ||und||
041 _aENG
082 _a720
_bBA-M
100 _aSarbjit Bahga
245 0 _aModern Architecture in India post independence perspective
250 _a1st Ed.
260 _c1993
_aNew Delhi
_bGalgotia Publications Pvt.Ltd
300 _a268
650 _aArchitecture
942 _cBK
999 _c2168
_d2168